[Event "TCh-BEL 2004-5"]
[Site "Belgium BEL"]
[Date "2004.09.26"]
[Round "2"]
[White "Decoster,F"]
[Black "De Haan,E"]
[Result "1/2-1/2"]
[WhiteElo "2135"]
[BlackElo "2280"]

1.e4 c5 2.Nf3 e6 3.d4 cxd4 4.Nxd4 Nc6 5.Nc3 Qc7 6.g3 a6 7.Bg2 Nf6 8.O-O d6
9.Re1 Rb8 10.Nxc6 bxc6 11.e5 dxe5 12.Rxe5 Bd6 13.Re3 c5 14.b3 O-O 15.Ne4 Be5
16.Nxf6+ Bxf6 17.Rb1 c4 18.Re4 Rd8 19.Qe2 Qa5 20.Bf4 Qxa2 21.Rf1 e5 22.Bxe5 Bxe5
23.Rxe5 Be6 24.Rxe6 fxe6 25.Qxe6+ Kh8 26.Qxc4 Qb2 27.Be4 Qd4 28.Qxd4 Rxd4
29.Bd3 a5 30.Re1 Kg8 31.Re5 Ra8 32.Kf1 Rdd8 33.Rh5 g6 34.Re5 Ra7 35.Rc5 Kg7
36.Re5 Kf6 37.Re4 Re7 38.Rc4 Rd5 39.Rc6+ Kg7 40.Rc8 Rde5 41.Rc4 Re1+ 42.Kg2 Rd1
43.h4 Rd2 44.Rf4 Rf7 45.Rxf7+ Kxf7 46.h5 Rd1 47.hxg6+ hxg6 48.Kf3 Re1 49.Kg4 Kf6
50.f4 Re3 51.Kh3 g5 52.Kg4 gxf4 53.Kxf4 Re5 54.g4 Rg5 55.Bf5 Rg8 56.Ke3 Rd8
57.Ke4 Rd1 58.Kf4 Rf1+ 59.Ke3 Ke5 60.Kd3 Kd5 61.Ke2 Rf4 62.Ke3 Ke5 63.Kd3  1/2-1/2

[Event "Premier League"]
[Site "Belgrade SCG"]
[Date "2004.09.26"]
[Round "2"]
[White "Zivkovic,S"]
[Black "Lapcevic,M"]
[Result "1/2-1/2"]
[WhiteElo "2311"]
[BlackElo "2205"]

1.e4 c5 2.Nf3 e6 3.d4 cxd4 4.Nxd4 Nc6 5.Nc3 Qc7 6.g3 a6 7.Bg2 d6 8.O-O Bd7
9.a4 Be7 10.Nb3 Ne5 11.f4 Nc4 12.Kh1 h5 13.h3 Nf6 14.Qe2 Rc8 15.Nd4 O-O 16.Bf3 g6
17.Bg2 Qc5 18.Nb3 Qc7 19.Nd4 Kg7 20.Qf2 Qa5 21.Nde2 b5 22.e5 Ne8 23.b3 b4
24.bxc4 bxc3 25.exd6 Nxd6 26.Qd4+ f6 27.Ba3 Rxc4 28.Qd3 Rxa4 29.Bxd6 Rxa1
30.Bxe7  1/2-1/2

[Event "79th ch-ARG"]
[Site "Buenos Aires ARG"]
[Date "2004.09.26"]
[Round "3"]
[White "Fusco,L"]
[Black "Needleman,A"]
[Result "1/2-1/2"]
[WhiteElo "2296"]
[BlackElo "2420"]

1.e4 c5 2.Nf3 e6 3.d4 cxd4 4.Nxd4 Nc6 5.Nc3 Qc7 6.Be3 a6 7.Be2 b5 8.O-O Bb7
9.a3 Nf6 10.f4 b4 11.axb4 Bxb4 12.Bf3 Bxc3 13.bxc3 Na5 14.Qd3 Nc4 15.Bf2 O-O
16.Bh4 Rfc8 17.e5 Nd5 18.Be4 g6 19.Bxd5 Bxd5 20.Bf6 Nb2 21.Qh3 h5 22.Ne2 Bc4
23.Ng3 Kf8 24.Rf3 Bd5 25.Nxh5 Bxf3 26.Ng7 Qc5+ 27.Kh1 Bh5 28.Nxh5 gxh5 29.Qxh5 Ke8
30.Ra5 Qf8 31.f5 exf5 32.Rd5 Rc5 33.Rd6 Nc4 34.Qf3 Rb8 35.Rd1 Nxe5 36.Qe2 d6
37.Qxa6 Kd7 38.Bg7 Rd5 39.Qa7+ Kc8 40.Qa6+ Kc7 41.Qa7+ Rb7 42.Qxb7+ Kxb7
43.Rb1+ Kc6 44.Bxf8 Rc5 45.Rd1 Rd5 46.Rd4 Rxd4 47.cxd4 Ng6 48.Bg7 Kd5 49.g3 f4
50.Kg2 Ke4 51.h4 fxg3 52.Kxg3 Nf4 53.Bf8 d5 54.c3 f5 55.Bd6 Nh5+ 56.Kf2 f4
57.Bc7 Nf6 58.Bd6 Ng4+ 59.Kf1 Ne3+ 60.Ke2 Nf5 61.Be5 f3+ 62.Kf2 Nxh4 63.Bf6 Ng6
64.Bg5 Nf4 65.Bh6 Ne2 66.Bd2 Nf4 67.Kg1 Nh3+ 68.Kf1 Kd3 69.Be1 Ke3 70.c4 dxc4
71.d5 Ng5 72.d6 Ne6 73.d7 Nd8 74.Ba5 Ne6 75.d8=Q Nxd8 76.Bxd8 c3 77.Bg5+  1/2-1/2

[Event "TCh-Vojvodina"]
[Site "Sombor SCG"]
[Date "2004.09.26"]
[Round "3"]
[White "Matulovic,M"]
[Black "Tesic,D"]
[Result "1/2-1/2"]
[WhiteElo "2424"]
[BlackElo "2375"]

1.e4 c5 2.Nf3 e6 3.d4 cxd4 4.Nxd4 Nc6 5.Nc3 a6 6.g3 d6 7.Bg2 Bd7 8.O-O Be7
9.Nxc6 Bxc6 10.a4 Nf6 11.a5 O-O 12.Be3 Nd7 13.Na4 Qc7 14.Nb6 Rae8 15.c4 Nc5
16.Qc2 f5 17.exf5 Bxg2 18.Kxg2 Rxf5 19.b4 Nd7 20.Qe4 Re5 21.Qd3 Qc6+ 22.f3  1/2-1/2

[Event "79th ch-ARG"]
[Site "Buenos Aires ARG"]
[Date "2004.09.27"]
[Round "5"]
[White "Felgaer,R"]
[Black "Needleman,A"]
[Result "1/2-1/2"]
[WhiteElo "2587"]
[BlackElo "2420"]

1.e4 c5 2.Nf3 e6 3.d4 cxd4 4.Nxd4 Nc6 5.Nc3 Qc7 6.g3 d6 7.Bg2 Nxd4 8.Qxd4 Bd7
9.Bf4 e5 10.Nd5 Qb8 11.Qc3 exf4 12.Nc7+ Kd8 13.Nxa8 Qxa8 14.O-O-O Nf6 15.e5 dxe5
16.Qxe5 Qc8 17.Qa5+ Qc7 18.Qxa7 Bc5 19.Qa8+ Qc8 20.Qa4 Re8 21.Bh3 Qc6 22.Qxf4 Re2
23.Bf5 Rxf2 24.Qb8+ Qc8 25.Qe5 Qc7 26.Rhe1 Qxe5 27.Rxe5 Rxf5 28.Rxf5 Be3+
29.Kb1 Kc8 30.Re5 Bb6 31.Re7 Be6 32.Rd6 Bg1 33.Rdxe6 fxe6 34.h3 Nh5 35.g4 Nf4
36.Rxg7 Nxh3 37.Rxh7 Ng5 38.Rg7 Be3 39.c4 e5 40.Kc2 e4 41.b4 Bf4 42.c5 Nf3
43.Re7 Ne5 44.g5 e3 45.Kd1 Nc6 46.Re4 Bxg5 47.b5 Ne7 48.Re5 Bf6 49.Rxe3 Nf5
50.Rf3 Bd4 51.Rd3 Ne3+ 52.Ke2 Nf5 53.Kf3 Bxc5 54.Rd5 Nh4+ 55.Ke4 b6 56.Rg5 Kd7
57.a4 Be7 58.Rg7 Kd6 59.Rg1 Kc5 60.Rg7 Bf6 61.Rf7 Bd8 62.Rd7 Bf6 63.Rd5+ Kb4
64.Rd6 Bb2 65.Rxb6 Kxa4 66.Rb8 Ka5 67.b6 Ka6 68.Rg8 Bf6 69.Rf8 Be7 70.Rf7 Bg5
71.b7 Ka7 72.Kd5 Ng6 73.Kc6 Ne7+ 74.Kc7 Nd5+ 75.Kc8 Nb6+ 76.Kc7 Nd5+ 77.Kd6 Ne7
78.Kc7 Nd5+  1/2-1/2

[Event "TCh-Vojvodina"]
[Site "Sombor SCG"]
[Date "2004.09.27"]
[Round "4"]
[White "Nadj Hedjesi,B"]
[Black "Ivanovic,Mir"]
[Result "1-0"]
[WhiteElo "2301"]
[BlackElo "2185"]

1.e4 c5 2.Nf3 e6 3.d4 cxd4 4.Nxd4 Nc6 5.Nc3 Qc7 6.Be3 a6 7.Be2 Nf6 8.a3 Be7
9.f4 d6 10.g4 Nxd4 11.Qxd4 e5 12.Qd2 exf4 13.Bxf4 Be6 14.O-O-O O-O 15.g5 Nd7
16.Bxd6 Bxd6 17.Qxd6 Rac8 18.Qxc7 Rxc7 19.Nd5 Bxd5 20.exd5 Rd8 21.Rhe1 Nb6
22.d6 Rc5 23.Bf3 Nc4 24.Bxb7 Nxb2 25.Rd4 Nc4 26.Bxa6 Nxa3 27.c4 Rc6 28.d7 Kf8
29.Rde4 Re6 30.Rxe6 fxe6 31.Rd1 Ke7 32.Kb2 Nxc4+ 33.Bxc4 Rxd7 34.Rxd7+ Kxd7
35.Kc3 Ke7 36.Kd4 Kf7 37.Bd3 h6 38.h4 Ke7 39.Ke5 Kf7 40.Be4 Ke7 41.Bg6 Kf8
42.Kxe6 Kg8 43.Bd3 Kh8 44.Kf7 g6 45.Kxg6 hxg5 46.hxg5 Kg8 47.Kh6  1-0

[Event "79th ch-ARG"]
[Site "Buenos Aires ARG"]
[Date "2004.09.28"]
[Round "6"]
[White "Fusco,L"]
[Black "Lafuente,P"]
[Result "1/2-1/2"]
[WhiteElo "2296"]
[BlackElo "2461"]

1.e4 c5 2.Nf3 e6 3.d4 cxd4 4.Nxd4 Nc6 5.Nc3 Qc7 6.Be3 a6 7.Be2 Nf6 8.O-O b5
9.Nxc6 dxc6 10.f4 b4 11.Na4 Rb8 12.Qd4 Be7 13.Bf3 O-O 14.Bf2 Rb5 15.c4 bxc3
16.Nxc3 Rb4 17.Qd2 Rd8 18.Qc1 Qb8 19.Rb1 e5 20.a3 Rb7 21.f5 a5 22.Na4 Rbd7
23.Bb6 Re8 24.Qxc6 Rb7 25.Bf2 Bd7 26.Qc2 Bxa4 27.Qxa4 Rxb2  1/2-1/2

[Event "Monarch Assurance"]
[Site "Port Erin IOM"]
[Date "2004.09.28"]
[Round "4"]
[White "Zawadzka,J"]
[Black "Sprenger,J"]
[Result "0-1"]
[WhiteElo "2272"]
[BlackElo "2477"]

1.e4 c5 2.Nf3 Nc6 3.d4 cxd4 4.Nxd4 e6 5.Nc3 Qc7 6.Be3 a6 7.Qd2 Nf6 8.f3 Ne5
9.O-O-O Bb4 10.Nb3 b5 11.Bd4 Be7 12.Qf2 d6 13.g4 O-O 14.Kb1 Nfd7 15.h4 b4
16.Ne2 a5 17.g5 a4 18.Nbc1 Bb7 19.Ng3 Nc5 20.Rg1 b3 21.cxb3 axb3 22.a3 Rfc8
23.Bxc5 dxc5 24.f4 Ng4 25.Qf3 c4 26.Nge2 Ra5 27.Bg2 Bxa3 28.bxa3 c3 29.Nxc3 Rxa3  0-1

[Event "Monarch Assurance"]
[Site "Port Erin IOM"]
[Date "2004.09.28"]
[Round "4"]
[White "Iordachescu,V"]
[Black "Skripchenko,A"]
[Result "1/2-1/2"]
[WhiteElo "2633"]
[BlackElo "2453"]

1.e4 c5 2.Nf3 e6 3.Nc3 Nc6 4.d4 cxd4 5.Nxd4 Nf6 6.Ndb5 d6 7.Bf4 e5 8.Bg5 a6
9.Na3 b5 10.Nd5 Be7 11.Bxf6 Bxf6 12.c3 O-O 13.Nc2 Rb8 14.h4 Be7 15.Bd3 Be6
16.Nce3 Qd7 17.Qf3 Kh8 18.a3 Bd8 19.g4 a5 20.b4 Ne7 21.g5 Bb6 22.Nf5 Bxd5
23.exd5 e4 24.Bxe4 Nxf5 25.Bxf5 Qa7 26.Bd3 axb4 27.cxb4 Bd4 28.Ra2 f5 29.Kf1 Qa4
30.Kg2 Rbc8 31.Re1 Be5 32.Ree2 Qb3 33.Rac2 Rb8 34.Ra2 Qc3 35.Qe3 Qb3 36.Qf3 Qc3
37.Bb1 Qd4 38.Kh3 Qd1 39.Bd3 Rbc8 40.Rad2 Qf1+ 41.Qg2 Qa1 42.Rc2 Qxa3 43.Rxc8 Rxc8
44.Re3 Rc3 45.Qf3 g6 46.Bxb5 Rxe3 47.Qxe3 Qxb4  1/2-1/2

[Event "TCh-Vojvodina"]
[Site "Sombor SCG"]
[Date "2004.09.28"]
[Round "6"]
[White "Nadj Hedjesi,B"]
[Black "Cabarkapa,V"]
[Result "0-1"]
[WhiteElo "2301"]
[BlackElo "2336"]

1.e4 c5 2.Nc3 e6 3.Nge2 Nc6 4.d4 cxd4 5.Nxd4 Nf6 6.Be3 Bb4 7.f3 d5 8.Bb5 Qc7
9.Qd3 O-O 10.exd5 Ne5 11.Qd2 Nxd5 12.Nde2 Bd7 13.Bd3 Rfc8 14.O-O-O Qa5 15.Kb1 Rxc3  0-1

[Event "1st Central League"]
[Site "Vrnjacka Banja SCG"]
[Date "2004.09.28"]
[Round "5"]
[White "Pavlovic,Neb"]
[Black "Rajkovic,Du"]
[Result "0-1"]
[WhiteElo "2299"]
[BlackElo "2430"]

1.e4 c5 2.Nf3 e6 3.d4 cxd4 4.Nxd4 Nc6 5.Nc3 Qc7 6.Be2 a6 7.O-O Nf6 8.Be3 Be7
9.f4 d6 10.a4 O-O 11.Kh1 Bd7 12.Nb3 b6 13.Bf3 Rab8 14.g4 Bc8 15.g5 Nd7 16.Bg2 Re8
17.Qh5 g6 18.Qh6 Bf8 19.Qh4 Nb4 20.Nd4 Bg7 21.Rad1 Bb7 22.Rd2 e5 23.Nf3 exf4
24.Bxf4 Ne5 25.Nxe5 Bxe5 26.Bxe5 Rxe5 27.Rf6 Rbe8 28.Qf4 Qe7 29.Rf2 Rf8 30.h4 b5
31.a5 Bc8 32.Qh2 Be6 33.h5 gxh5 34.Bf3 Nc6 35.Bxh5 b4 36.Nd5 Bxd5 37.exd5 Re4
38.Qxd6 Rh4+ 39.Kg2 Rxh5 40.dxc6  0-1

[Event "Premier League"]
[Site "Belgrade SCG"]
[Date "2004.09.30"]
[Round "6"]
[White "Gruic,L"]
[Black "Djokic,Nen"]
[Result "1/2-1/2"]
[WhiteElo "2332"]
[BlackElo "2292"]

1.e4 c5 2.Nf3 Nc6 3.Nc3 e6 4.d4 cxd4 5.Nxd4 Qc7 6.Nxc6 bxc6 7.Bd3 Nf6 8.O-O d5
9.Qe2 Be7 10.b3 O-O 11.Bb2 d4  1/2-1/2

[Event "79th ch-ARG"]
[Site "Buenos Aires ARG"]
[Date "2004.09.30"]
[Round "8"]
[White "Lujan,C"]
[Black "Lafuente,P"]
[Result "1/2-1/2"]
[WhiteElo "2318"]
[BlackElo "2461"]

1.e4 c5 2.Nf3 e6 3.d4 cxd4 4.Nxd4 Nc6 5.Nc3 Qc7 6.Be2 a6 7.O-O Nf6 8.Kh1 Nxd4
9.Qxd4 Bc5 10.Qd3 b5 11.f4 Bb7 12.Bf3 h5 13.e5 Ng4 14.Bxb7 Qxb7 15.Ne4 Be7
16.Bd2 Rc8 17.a3 Qd5 18.Bb4 Qxd3 19.cxd3 f6 20.Rfc1 Kf7 21.d4 f5 22.Bxe7 fxe4
23.Bc5 Nf2+ 24.Kg1 Nd3 25.Rc2 Kg6 26.Rf1 Kf5 27.g3 Rh6 28.h3  1/2-1/2

[Event "VIII Itau Cup"]
[Site "Sao Paulo BRA"]
[Date "2004.09.30"]
[Round "7"]
[White "Caldeira,A"]
[Black "Gomez Benitez,D"]
[Result "1-0"]
[WhiteElo "2291"]
[BlackElo "2115"]

1.e4 c5 2.Nf3 Nc6 3.Nc3 e6 4.d4 cxd4 5.Nxd4 Nf6 6.Nxc6 bxc6 7.e5 Nd5 8.Ne4 c5
9.c4 Nb4 10.Bd3 Qc7 11.f4 Bb7 12.Bb1 Nc6 13.O-O Nd4 14.b4 Nf5 15.b5 h5 16.Nc3 g6
17.Be4 Be7 18.a4 f6 19.Bxb7 Qxb7 20.Qf3 Qxf3 21.Rxf3 Nd4 22.Rd3 f5 23.Rb1 Kd8
24.Kf1 Kc7 25.Rb2 d6 26.exd6+ Bxd6 27.Be3 g5 28.Bxd4 cxd4 29.Ne2 e5 30.fxe5 Bxe5
31.Nxd4 Bxd4 32.Rxd4 Rad8 33.Rbd2 Rxd4 34.Rxd4 Kb6 35.Rd5 Rf8 36.c5+ Ka5
37.Rd4 f4 38.Kf2 Rf5 39.Rc4 g4 40.c6 Rf8 41.c7 Rc8 42.h4 Kb6 43.Rxf4 Rxc7
44.Rf5 Rc5 45.Rg5 Rc2+ 46.Ke3 Rc3+ 47.Kf4 Rc4+ 48.Kf5 Rc5+ 49.Kg6 Rc2 50.Kxh5 Rxg2
51.Rxg4 Rd2 52.Rg6+ Kb7 53.a5 Rd5+ 54.Rg5 Rd7 55.Rf5 Rh7+ 56.Kg5 Rg7+ 57.Kf6 Rc7
58.h5 a6 59.b6 Rd7 60.h6 Ka8 61.Kg6  1-0

[Event "Monarch Assurance"]
[Site "Port Erin IOM"]
[Date "2004.10.01"]
[Round "7"]
[White "Smirin,I"]
[Black "Handke,F"]
[Result "0-1"]
[WhiteElo "2671"]
[BlackElo "2461"]

1.e4 c5 2.Nf3 e6 3.d4 cxd4 4.Nxd4 Nc6 5.Nc3 Qc7 6.g3 a6 7.Bg2 d6 8.O-O Be7
9.Nxc6 bxc6 10.Na4 Rb8 11.Re1 c5 12.e5 d5 13.c4 d4 14.b3 h5 15.b4 cxb4 16.Bb2 Bb7
17.Bxb7 Qxb7 18.c5 Qc6 19.a3 h4 20.Bxd4 Nh6 21.axb4 Rxb4 22.f3 hxg3 23.hxg3 Nf5
24.Bf2 g5 25.Ra3 g4 26.Rb3 Qxa4 27.Rxb4 Qxb4 28.c6 Bc5 29.Qd7+ Kf8 30.Qd8+ Kg7
31.Qg5+ Kf8 32.Qd8+ Kg7 33.Qg5+ Kh7 34.Kg2 gxf3+ 35.Kxf3 Qb3+ 36.Kf4 Qc4+
37.Kf3 Qb3+ 38.Kf4 Qc4+ 39.Kf3 Qd5+ 40.Ke2 Qe4+  0-1

[Event "Open"]
[Site "Winterthur SUI"]
[Date "2004.10.03"]
[Round "3"]
[White "Nuri,Kam"]
[Black "Kelecevic,N"]
[Result "0-1"]
[WhiteElo "2121"]
[BlackElo "2393"]

1.e4 c5 2.Nf3 Nc6 3.d4 cxd4 4.Nxd4 e6 5.Nc3 Bc5 6.Be3 Qb6 7.Na4 Qa5+ 8.c3 Bxd4
9.Bxd4 Nxd4 10.Qxd4 e5 11.Qb4 Qxb4 12.cxb4 Nf6 13.f3 d5 14.Bb5+ Ke7 15.O-O-O dxe4
16.Rhe1 exf3 17.Rxe5+ Be6 18.gxf3 Rac8+ 19.Kb1 Rhd8 20.Rxd8 Rxd8 21.Nc5 b6
22.Nxe6 fxe6 23.Bc4 Nd5 24.Bxd5 Rxd5 25.Re2 Rd3 26.Rf2 Kf6 27.Kc2 Rd4 28.Kc3 e5
29.Rd2 Rxd2 30.Kxd2 Kg5 31.Ke3 Kh4 32.Ke4 Kh3 33.Kxe5 Kxh2 34.f4 Kg3  0-1

[Event "9th ECC w"]
[Site "Izmir TUR"]
[Date "2004.10.05"]
[Round "3"]
[White "Bojkovic,N"]
[Black "Ovod,E"]
[Result "1-0"]
[WhiteElo "2398"]
[BlackElo "2301"]

1.e4 c5 2.Nf3 e6 3.d4 cxd4 4.Nxd4 Nc6 5.Nc3 Qc7 6.Be2 a6 7.O-O Nf6 8.Be3 Be7
9.f4 d6 10.Kh1 O-O 11.a4 Re8 12.Bd3 Nxd4 13.Bxd4 e5 14.Be3 exf4 15.Rxf4 Be6
16.Nd5 Bxd5 17.exd5 Bd8 18.Bd4 Nxd5 19.Qh5 Nf6 20.Bxf6 Bxf6 21.Qxh7+ Kf8
22.Rxf6 gxf6 23.Qh6+ Ke7 24.Re1+ Kd7 25.Bf5+ Kc6 26.Rxe8 Qa5 27.Rc8+ Kd5
28.c4+ Ke5 29.Qh4 d5 30.Rxa8 Qd2 31.Re8+  1-0

[Event "Piloo Mody Open"]
[Site "Lucknow IND"]
[Date "2004.10.05"]
[Round "5"]
[White "Deepan,C"]
[Black "Satyapragyan,S"]
[Result "1-0"]
[WhiteElo "2360"]
[BlackElo "2363"]

1.e4 c5 2.Nf3 e6 3.d4 cxd4 4.Nxd4 Nc6 5.Nc3 Bb4 6.Nb5 Nf6 7.a3 Bxc3+ 8.Nxc3 d5
9.Bd3 d4 10.Ne2 e5 11.O-O O-O 12.b4 a6 13.Qd2 Be6 14.a4 Re8 15.f3 Nd7 16.Bb2 f6
17.Kh1 Kh8 18.f4 Bg8 19.fxe5 fxe5 20.c3 Nf6 21.cxd4 exd4 22.b5 axb5 23.axb5 Rxa1
24.Bxa1 Ne5 25.Nxd4 Bf7 26.Bc2 Bg6 27.Qg5 h6 28.Qf4 Nh5 29.Qe3 Qh4 30.Qh3 Nc4
31.Nf5 Kh7 32.Rg1 Na3 33.Bd1 Nf4 34.Bf3 h5 35.Bb2 Nxb5 36.Bxh5 Nd3 37.Bxg6+ Kxg6
38.Nxg7 Re7 39.Nf5 Kf7  1-0

[Event "FSGM October"]
[Site "Budapest HUN"]
[Date "2004.10.06"]
[Round "5"]
[White "Nyysti,S"]
[Black "Fogarasi,T"]
[Result "0-1"]
[WhiteElo "2358"]
[BlackElo "2436"]

1.e4 c5 2.Nf3 e6 3.d4 cxd4 4.Nxd4 Nc6 5.Nc3 Qc7 6.Be3 a6 7.Qd2 Nf6 8.O-O-O Bb4
9.f3 Ne5 10.Nb3 d5 11.Bf4 O-O 12.Kb1 dxe4 13.Qd4 Bxc3 14.bxc3 Nfd7 15.Re1 f6
16.Rxe4 b5 17.Bd3 Bb7 18.Re3 Bd5 19.Be4 Bxe4 20.Qxe4 Rfe8 21.g4 Qc4 22.Rd1 Rac8
23.Bg3 Re7 24.Qb7 Qc6 25.Qxc6 Rxc6 26.Na5 Rb6 27.h3 Kf7 28.f4 Nc4 29.Nxc4 bxc4+
30.Kc1 Rc6 31.Rd4 Nb6 32.Kd2 g6 33.Re1 f5 34.gxf5 gxf5 35.Bh4 Rd7 36.Rxd7+ Nxd7
37.Rb1 Nb6 38.Bg3 Nd5 39.Rb7+ Kg6 40.Rd7 Nf6 41.Rd8 Ne4+ 42.Ke3 Nxc3 43.Kd4 Nxa2
44.Be1 c3 45.Rb8 a5 46.Rb3 Nb4 47.Bxc3 Nxc2+ 48.Kd3 Nb4+ 49.Bxb4 Rb6 50.Ra3 Rxb4  0-1

[Event "Piloo Mody Open"]
[Site "Lucknow IND"]
[Date "2004.10.07"]
[Round "7"]
[White "Kotsur,P"]
[Black "Satyapragyan,S"]
[Result "1-0"]
[WhiteElo "2607"]
[BlackElo "2363"]

1.e4 c5 2.Nf3 e6 3.d4 cxd4 4.Nxd4 Nc6 5.Nc3 Qc7 6.Be3 a6 7.Qd2 Nf6 8.O-O-O Bb4
9.f3 b5 10.Nxc6 Qxc6 11.Bd4 Be7 12.g4 h6 13.Bd3 Bb7 14.Kb1 b4 15.Ne2 d5 16.Bxf6 gxf6
17.Nf4 d4 18.Nh5 O-O-O 19.Qe2 Kb8 20.f4 Qb6 21.Rhf1 a5 22.e5 fxe5 23.fxe5 Bg5
24.Rxf7 Rhf8 25.Rxf8 Rxf8 26.Nf6 Rd8 27.Ne4 Be3 28.Nd6 Qc5 29.Rf1 Bd5  1-0

[Event "Goodbye Summer Open"]
[Site "Omis CRO"]
[Date "2004.10.09"]
[Round "5"]
[White "Zelcic,R"]
[Black "Zivanic,M"]
[Result "1-0"]
[WhiteElo "2531"]
[BlackElo "2435"]

1.e4 c5 2.Nf3 e6 3.d4 cxd4 4.Nxd4 Nc6 5.Nc3 Qc7 6.Be2 a6 7.O-O Nf6 8.a4 Be7
9.Be3 d6 10.f4 O-O 11.Kh1 Re8 12.Bf3 Bd7 13.Nb3 b6 14.Qe2 Bf8 15.Rad1 Bc8
16.e5 dxe5 17.fxe5 Nd7 18.Bxc6 Qxc6 19.Nd4 Qb7 20.Qh5 g6 21.Qh4 Be7 22.Qg3 Nc5
23.Qf2 Rf8 24.Bh6 Bd7 25.Bxf8 Rxf8 26.Qf4 Qc7 27.Rf3 Nxa4 28.Nxa4 Bxa4 29.Nxe6 Qxc2
30.Nxf8 Qxd1+ 31.Rf1 Qb3 32.e6 f5 33.Qb8 Kg7 34.Qe5+ Kg8 35.Nd7 Qb5 36.Qxb5 Bxb5
37.Rc1 Kg7 38.Nxb6 Kf6 39.Nd5+ Kxe6 40.Nxe7 Kxe7 41.Rc7+ Kf6 42.Rxh7 Ke5
43.h4 f4 44.Kg1 Kd4 45.Rg7 Bd3 46.Kf2 Ke5 47.Rf7 Be4 48.Ra7 Bd3 49.Kf3 Bf1
50.Re7+ Kf5 51.Rf7+ Ke5 52.Rxf4 Bxg2+ 53.Kg4 Be4 54.Kg5 Bc2  1-0

[Event "Goodbye Summer Open"]
[Site "Omis CRO"]
[Date "2004.10.09"]
[Round "6"]
[White "Ivekovic,M"]
[Black "Zivanic,M"]
[Result "0-1"]
[WhiteElo "2325"]
[BlackElo "2435"]

1.e4 c5 2.Nf3 e6 3.d4 cxd4 4.Nxd4 Nc6 5.Nc3 Qc7 6.Be2 a6 7.O-O Nf6 8.a4 Be7
9.Kh1 d6 10.Nb3 b6 11.f4 O-O 12.Be3 Bb7 13.Bf3 Rac8 14.Qe2 Nb4 15.Nd4 Rfd8
16.Qf2 d5 17.e5 Ne4 18.Bxe4 dxe4 19.f5 Qxe5 20.fxe6 f6 21.Nf5 Qxe6 22.Bxb6 Rd7
23.Rae1 Nxc2 24.Qxc2 Qxb6 25.Rxe4 Bxe4 26.Qxe4 Bf8 27.Nd5 Qd8 28.Qe6+ Kh8
29.Nfe3 Rd6 30.Qe4 Qd7 31.h3 Re8 32.Qf3 Re5 33.Nf4 Qxa4 34.Ng4 Re8 35.b3 Qb5
36.Rc1 Qf5 37.Qg3 Red8 38.Ne3 Qe4  0-1

[Event "Pre-Olym Tourn"]
[Site "Belo Horizonte BRA"]
[Date "2004.10.10"]
[Round "3"]
[White "Navarro,T"]
[Black "Coelho,L"]
[Result "1/2-1/2"]
[WhiteElo "2150"]
[BlackElo "2401"]

1.e4 e6 2.Nf3 c5 3.d4 cxd4 4.Nxd4 Nc6 5.Nc3 Qc7 6.Be2 a6 7.O-O Nf6 8.Be3 Bb4
9.Na4 Be7 10.Nxc6 bxc6 11.c4 c5 12.Qc2 Bb7 13.Bf3 Rb8 14.Rfd1 O-O 15.Rd2 Rfd8
16.Rad1 Ne8 17.b4 d6 18.bxc5 dxc5 19.Rxd8 Rxd8 20.Rxd8 Qxd8 21.Nxc5 Bxc5
22.Bxc5 Qa5 23.Qb1 Qxc5 24.Qxb7 Qxc4 25.Qb2 h6 26.Be2 Qc6 27.Qb8 Kh7 28.Qa7 Nc7
29.h3 e5 30.a4 Qc3 31.Qb7 a5 32.Bg4 g6 33.Qc8 Qc1+ 34.Kh2 h5 35.Bd7 Qf4+
36.Kg1 Qc1+ 37.Kh2 Kg7 38.Qb7 Qf4+ 39.Kg1 Qc1+ 40.Kh2 h4 41.Qb6 Qf4+ 42.Kg1 Qc1+
43.Kh2 Qf4+ 44.Kg1  1/2-1/2

[Event "36th Olympiad w"]
[Site "Calvia ESP"]
[Date "2004.10.16"]
[Round "1"]
[White "Sanchez Castillo,S"]
[Black "Polgar,Z"]
[Result "0-1"]
[WhiteElo "2141"]
[BlackElo "2567"]

1.e4 c5 2.Nf3 e6 3.Nc3 Nc6 4.d4 cxd4 5.Nxd4 Qc7 6.Be2 a6 7.O-O Nf6 8.Kh1 Be7
9.f4 d6 10.Bf3 O-O 11.Nb3 Rd8 12.Qe1 Rb8 13.a4 b6 14.Be3 Nb4 15.Qf2 e5 16.h3 Be6
17.Rad1 Bc4 18.Rg1 d5 19.fxe5 Qxe5 20.Bd4 Qf4 21.e5 Ne4 22.Bxe4 Qxf2 23.Bxf2 dxe4
24.Nd4 Bd5 25.Nf5 Bf8 26.Nd6 Ba8 27.Ncxe4 Nxc2 28.Rgf1 Rd7 29.Bg1 h6 30.Nc3 f6
31.Nc4 Rxd1 32.Rxd1 b5 33.axb5 axb5 34.Nb6 fxe5 35.Nd7 Re8 36.Nxf8 b4 37.Nd7 bxc3
38.bxc3 Bc6 39.Nc5 e4 40.Rc1 Na3 41.c4 e3 42.Nd3 e2 43.Bc5 Be4 44.Bxa3 Bxd3
45.Bb4 Re4 46.Kh2 Bxc4 47.Be1 Bb3 48.Rc3 Bd1 49.Kg3 Re6 50.Kf2 Rf6+ 51.Rf3 Ra6
52.Rf4 Ra7 53.Rf3 Kh7 54.Rg3 Re7 55.Re3 Rd7 56.Rg3 Rb7 57.Re3 Kg6 58.Rg3+ Kf5
59.Bc3 g5 60.Rf3+ Ke4 61.Re3+ Kd5 62.Be1 h5 63.Rf3 Ke4 64.Rf8 Rb5 65.Re8+ Kf5
66.Rf8+ Ke6 67.Rf3 Ke7 68.Re3+ Kf7 69.Bc3 Rf5+ 70.Rf3 e1=Q+ 71.Bxe1 Bxf3
72.gxf3 g4 73.hxg4 hxg4 74.f4 Rxf4+ 75.Kg3 Re4 76.Bd2 Kg6 77.Bf4 Kf5 78.Bc7 Re3+
79.Kg2 Rd3 80.Bb8 Kg5 81.Be5 Rd5 82.Bc7 Rd2+ 83.Kg3 Rd3+ 84.Kg2 Kh4 85.Bb6 Rd2+
86.Kg1 Kh3  0-1

[Event "36th Olympiad w"]
[Site "Calvia ESP"]
[Date "2004.10.16"]
[Round "1"]
[White "Jose Polanco,Ken"]
[Black "Zigangirova,S"]
[Result "0-1"]
[WhiteElo "2003"]
[BlackElo "2330"]

1.e4 c5 2.Nf3 e6 3.d4 cxd4 4.Nxd4 Nc6 5.Nc3 Qc7 6.Ndb5 Qb8 7.Nd4 Nf6 8.a3 Nxe4
9.Nxc6 Nxc3 10.Qxd7+ Bxd7 11.Nxb8 Rxb8 12.bxc3 Rc8 13.c4 Ba4 14.Bd3 Bc5 15.Bb2 O-O
16.f3 b6 17.Bc3 Rfd8 18.Ke2 e5 19.Be1 Rc7 20.Rd1 g6 21.Bh4 Rdc8 22.Bf6 Rc6
23.Bg5 f5 24.Kf1 Re6 25.Re1 Rce8 26.c3 e4 27.Bb1 Bb3 28.Be3 exf3  0-1

[Event "36th Olympiad w"]
[Site "Calvia ESP"]
[Date "2004.10.17"]
[Round "2"]
[White "Driza,A"]
[Black "Khan,N"]
[Result "1-0"]
[WhiteElo "2068"]
[BlackElo "1997"]

1.e4 c5 2.Nf3 e6 3.d4 cxd4 4.Nxd4 Nc6 5.Nc3 a6 6.a3 Nf6 7.Bg5 Be7 8.f4 Qb6
9.Nb3 h6 10.Bxf6 Bxf6 11.e5 Qe3+ 12.Qe2 Bh4+ 13.g3 Qxe2+ 14.Bxe2 Be7 15.O-O-O O-O
16.Ne4 f6 17.exf6 gxf6 18.Nd6 Rd8 19.Rd2 Kf8 20.Rhd1 Nb8 21.Nc5 Bxd6 22.Rxd6 Re8
23.Bf3 Ra7 24.Rb6 d5 25.Re1 Nc6 26.Bh5 Nd8 27.Rd6 Nc6 28.Nxe6+ Kg8 29.Kd1 Bxe6
30.Rexe6 Kg7 31.h3 f5 32.Rg6+ Kf7 33.Rdf6+ Ke7 34.Rxf5 Kd7 35.Bg4 b5 36.Rxd5+ Kc7  1-0

[Event "36th Olympiad w"]
[Site "Calvia ESP"]
[Date "2004.10.17"]
[Round "2"]
[White "Krivec,J"]
[Black "Milliet,S"]
[Result "1-0"]
[WhiteElo "2214"]
[BlackElo "2299"]

1.e4 c5 2.Nf3 e6 3.d4 cxd4 4.Nxd4 Nc6 5.Nc3 Qc7 6.g3 a6 7.Bg2 Nge7 8.Nb3 h5
9.Bf4 Ne5 10.Bxe5 Qxe5 11.f4 Qc7 12.e5 Nf5 13.Qd3 d5 14.exd6 Nxd6 15.O-O-O Bd7
16.Rhe1 O-O-O 17.Re5 Kb8 18.Nc5 Be7 19.Nxa6+ bxa6 20.Qxa6 Nb7 21.Ra5 Qc8
22.Rxd7 Rxd7 23.Qa8+ Kc7 24.Nb5+  1-0

[Event "36th Olympiad w"]
[Site "Calvia ESP"]
[Date "2004.10.17"]
[Round "3"]
[White "Hunt,H"]
[Black "Petrenko,S"]
[Result "1-0"]
[WhiteElo "2385"]
[BlackElo "2323"]

1.e4 c5 2.Nf3 e6 3.d4 cxd4 4.Nxd4 Nc6 5.Nc3 Nf6 6.Ndb5 d6 7.Bf4 e5 8.Bg5 a6
9.Na3 b5 10.Nd5 Be7 11.Bxf6 Bxf6 12.c3 Bg5 13.g3 O-O 14.Bg2 Ne7 15.Nxe7+ Qxe7
16.Nc2 Bb7 17.O-O Rad8 18.Nb4 Qc7 19.h4 Be7 20.a4 Qc5 21.Qb3 Rb8 22.Rfd1 Rfc8
23.axb5 axb5 24.Ra3 Ra8 25.Rda1 Rxa3 26.Rxa3 Bd8 27.Nd5 Bxd5 28.Qxd5 b4 29.cxb4 Qxd5
30.exd5 Kf8 31.Rc3 Rb8 32.Rc4 Rb5 33.Kf1 Ke7 34.f4 f6 35.Ke2 g6 36.Kd3 f5
37.fxe5 dxe5 38.Kc3 Kd7 39.g4 Bxh4 40.gxf5 Be1+ 41.Kb3 gxf5 42.Bh3 Rxd5 43.Bxf5+ Kd6
44.Bxh7 Rb5 45.Be4 Rb6 46.Ka4 Bf2 47.b5 Be3 48.Ka5 Bf2 49.Rc2 Be3 50.b4 Bd4
51.Rg2 Kc7 52.Rg7+ Kd6 53.Rg8 Kc7 54.Bc6 Rb8 55.Rg7+ Kd6 56.Rh7 Be3 57.Bb7 Rf8
58.b6 Rf4 59.Rh6+ Ke7 60.Bd5 Bd2 61.b7 Rxb4 62.Rb6 Rb1+ 63.Ka6 Ra1+ 64.Kb5 Rb1+
65.Kc6 Rc1+ 66.Bc4 Rxc4+ 67.Kb5 Rb4+ 68.Kc5 Rg4 69.b8=Q Be3+ 70.Kd5 Bxb6
71.Qxe5+  1-0

[Event "Essent Open"]
[Site "Hoogeveen NED"]
[Date "2004.10.17"]
[Round "3"]
[White "Hoeksema,E"]
[Black "Goloshchapov,A"]
[Result "1/2-1/2"]
[WhiteElo "2391"]
[BlackElo "2566"]

1.e4 c5 2.Nf3 Nc6 3.d4 cxd4 4.Nxd4 e6 5.Nc3 Qc7 6.Be3 a6 7.Qd2 Nf6 8.O-O-O Bb4
9.f3 Ne5 10.Nb3 b5 11.Kb1 Be7 12.Qf2 d6 13.Bb6 Qb8 14.Bd4 O-O 15.g4 Bb7 16.g5 Nfd7
17.Na5 Rc8 18.Rg1 Nc5 19.Bg2 Nc6 20.Nxb7 Nxd4 21.Nxc5 dxc5 22.e5 Ra7  1/2-1/2

[Event "36th Olympiad"]
[Site "Calvia ESP"]
[Date "2004.10.18"]
[Round "4"]
[White "Kuderinov,K"]
[Black "Seeman,T"]
[Result "1-0"]
[WhiteElo "2323"]
[BlackElo "2421"]

1.e4 c5 2.Nf3 e6 3.d4 cxd4 4.Nxd4 Nc6 5.Nc3 d6 6.Be2 Nf6 7.Be3 Be7 8.O-O Bd7
9.Kh1 Nxd4 10.Qxd4 Bc6 11.Rad1 O-O 12.e5 dxe5 13.Qxe5 Qc8 14.Bd4 Rd8 15.f4 Ne8
16.Qe3 b6 17.f5 Qb7 18.fxe6 Bxg2+ 19.Kg1 f6 20.Rf4 Bc6 21.Bd3 Rxd4 22.Rxd4 Bc5
23.b4 Bxd4 24.Qxd4 Qe7 25.Qc4 Bf3 26.Bxh7+ Kxh7 27.Rd7 Qf8 28.e7 Qg8 29.Qh4+ Kg6
30.Qg3+ Kh6 31.Qxf3 Qe6 32.Rd4 Qe1+ 33.Kg2 Qe5 34.Rd5  1-0